书目信息 |
| 题名: |
零基础学艾灸
|
|
| 作者: | 成向东 主编 | |
| 分册: | ||
| 出版信息: | 青岛 青岛出版社 2019 |
|
| 页数: | 200页 | |
| 开本: | 24cm | |
| 丛书名: | ||
| 单 册: | ||
| 中图分类: | R245.81 | |
| 科图分类: | ||
| 主题词: | 艾灸--基本知识 | |
| 电子资源: | ||
| ISBN: | 978-7-5552-8359-1 | |
| 000 | 00589nam0 2200205 450 | |
| 001 | 2353772304 | |
| 005 | 20231031104837.16 | |
| 010 | @a978-7-5552-8359-1@dCNY29.80 | |
| 100 | @a20200408d2019 em y0chiy50 ea | |
| 101 | 0 | @achi |
| 102 | @aCN@b370000 | |
| 105 | @aa z 000yy | |
| 200 | 1 | @a零基础学艾灸@Aling ji chu xue ai jiu@f成向东主编 |
| 210 | @a青岛@c青岛出版社@d2019 | |
| 215 | @a200页@c图@d24cm | |
| 606 | 0 | @a艾灸@x基本知识 |
| 690 | @aR245.81@v5 | |
| 701 | 0 | @a成向东@Acheng xiang dong@4主编 |
| 801 | 0 | @aCN@b大连网信软件有限公司图书馆·11@c20231031 |
| 905 | @aZUCC@dR245.81@e13 | |
| 零基础学艾灸/成向东主编.-青岛:青岛出版社,2019 |
| 200页:图;24cm |
| ISBN 978-7-5552-8359-1:CNY29.80 |
| ● |
| 相关链接 |
|
|
|
正题名:零基础学艾灸
索取号:R245.81/13
 
预约/预借
| 序号 | 登录号 | 条形码 | 馆藏地/架位号 | 状态 | 备注 |
| 1 | 2001029847 | 2001029847 | 第四书库/四29架A面4层5列/ [索取号:R245.81/13] | 在馆 | |
| 2 | 2001029848 | 2001029848 | 第四书库/四29架A面4层5列/ [索取号:R245.81/13] | 在馆 | |
| 3 | 2001029849 | 2001029849 | 第四书库/四29架A面4层5列/ [索取号:R245.81/13] | 在馆 | |
| 4 | 2001029850 | 2001029850 | 第四书库/四29架A面4层5列/ [索取号:R245.81/13] | 在馆 | |
| 5 | 2001029851 | 2001029851 | 第四书库/四29架A面4层5列/ [索取号:R245.81/13] | 在馆 | |
| 6 | 2001029852 | 2001029852 | 第四书库/四29架A面4层5列/ [索取号:R245.81/13] | 在馆 |